00630 2200229 4500001002100000005001700021008004100038020001800079035002400097040001200121082001000133090001700143100002300160245006200183250001800245260002700263300003100290504003100321650001600352850001200368990002000380YOGYA-0213000000024420130208092031.0 ind  a979-533-598-7 0010-021300000000244 aYOPDYOG a155.2 a155.2bSur P aSURYABRATA, Sumadi aPengembangan alat ukur psikologisboleh Sumadi Suryabrata aEd. 1bCet. 1 aYogyakartabAndic2000 aviiib215 hlmcilusd23 cm aBibliografi : hlm. 211-215 aKepribadian aYOPDYOG a2740-PN/P.01b1